Napoleon for dummies

This book is divided into 10 parts, each consisting of 3 to 4 short chapters that focus on a general theme, such as how Napoleon built his empire, how he lost it, why some of his reforms and ideas were so revolutionary, and the impact he had on Europe. Markham also addresses such issues as Napoleon&...

Popoln opis

Shranjeno v:
Bibliografske podrobnosti
Glavni avtor: Markham, J. David.
Format: Knjiga
Jezik:Undetermined
Izdano: Indianapolis, IN Wiley Pub. Inc. 2005
Teme:
Oznake: Označite
Brez oznak, prvi označite!
Thư viện lưu trữ: Trung tâm Học liệu Trường Đại học Cần Thơ
LEADER 01274nam a2200241Ia 4500
001 CTU_162926
008 210402s9999 xx 000 0 und d
020 |c 14.26 
082 |a 944.046092 
082 |b M345 
100 |a Markham, J. David. 
245 0 |a Napoleon for dummies 
245 0 |c J. David Markham 
260 |a Indianapolis, IN 
260 |b Wiley Pub. Inc. 
260 |c 2005 
520 |a This book is divided into 10 parts, each consisting of 3 to 4 short chapters that focus on a general theme, such as how Napoleon built his empire, how he lost it, why some of his reforms and ideas were so revolutionary, and the impact he had on Europe. Markham also addresses such issues as Napoleon's height, why he was portrayed with his hand in his vest, and whether he really divorced his 47-year-old wife to marry an 18-year-old princess. The author writes as if he were engaged in a conversation with readers rather than as a noted scholar 
650 |a Emperors,Napoleon,Vua,Pháp 
650 |x Hoàng đế của Pháp,Tiểu sử,Lịch sử 
650 |y Lãnh sự quán và Đế chế thứ nhất, 1799-1815 
650 |z France,Pháp 
904 |i Bạch Trúc 
980 |a Trung tâm Học liệu Trường Đại học Cần Thơ